000 01642nam a22003977a 4500
003 CHAP
005 20220329143223.0
008 070330d2007 mx a b r 00110 spa d
010 _a93475
011 _a94447
035 _a105037
040 _cCHAP
090 _aTesis
100 1 _aHernández Morales, Pedro.
_954376
245 1 0 _aAnálisis de viabilidad técnico-financiera de la producción de jitomate (Lycopersicon esculentum Mill.) bajo el sistéma hidropónico en invernadero en el municipio de San Pablo Villa de Mitla, Oax.
_c/por Pedro Hernández Morales
260 _aChapingo, Méx. :
_bEl autor,
_c2007.
300 _a107 h. ;
_bmapas, ; ilus.; cuadros.
502 _aTesis (Ing. Agr. Esp. en Economía Agrícola) -- UACH. División de Ciencias Económico Administrativas.
530 _aTambién disponible en línea
590 _aALEPH
_b10
_c20130110
_lUCH01
_h1517
590 _aBATCH-UPD
_b10
_c20130110
_lUCH01
_h0549
590 _aBATCH-UPD
_b10
_c20130410
_lUCH01
_h0230
590 _aBATCH-UPD
_b10
_c20130914
_lUCH01
_h1130
590 _aBATCH-UPD
_b10
_c20140324
_lUCH01
_h1502
590 _aBATCH-UPD
_b10
_c20141002
_lUCH01
_h0833
590 _aCONVERSION
_b10
_c20130109
_lUCH01
_h1352
650 0 4 _aCultivos en invernadero.
_930376
650 0 4 _aHidroponía.
_955280
650 0 4 _aTomate
_xCostos de producción.
_9113701
856 _3Finding aid
_uhttp://10.13.5.2/tesis/105037.pdf
_zTeclea aqui
901 _aBK
905 _aLuis Gutiérrez Merin
942 _cFOLL
949 _aTesis
_bBC
_cTES
_d33724002026686
_eTS1
_h46590
_i105037
_m||
_sb
949 _aTesis
_bBC
_cTES
_d33724002026694
_eTS2
_fc.2
_h46591
_i105037
_si
999 _c93475
_d93475